Statistics for Serie- og cupmestere i fotball

Click here to take the quiz!

General Stats

  • This quiz has been taken 27 times
    (8 since last reset)
  • The average score is 26 of 37

Answer Stats

Antall titlerLag% Correct
16Bodø/Glimt
100%
20Fredrikstad
100%
1Hødd
100%
11Lillestrøm
100%
1Mo
100%
11Molde
100%
38Rosenborg
100%
6Sarpsborg
100%
2Start
100%
5Tromsø
100%
9Vålerenga
100%
14Viking
100%
2Aalesund
83%
10Brann
83%
10Lyn
83%
2Moss
83%
12Odd
83%
9Skeid
83%
2Stabæk
83%
3Frigg
67%
7Strømsgodset
67%
1Bryne
50%
1Fram
50%
1Gjøvik/Lyn
50%
11Harstad
50%
1Kvik
50%
3Larvik Turn
50%
4Ørn
50%
2Stein
50%
1Fløya
33%
1Freidig
33%
1Grane
33%
2Mercantile
33%
14Mjølner
33%
3Mjøndalen
33%
5Narvik/Nor
33%
1Sparta
33%

Score Distribution

Percentile by Number Answered

Percent of People with Each Score

Your Score History

You have not taken this quiz since the last reset